Statistics for Leaders of the Soviet Union

Click here to take the quiz!

General Stats

  • This quiz has been taken 97 times
    (96 since last reset)
  • The average score is 5 of 8

Answer Stats

ReignLeader% Correct
1924-1953Joseph Stalin
100%
1922-1924Vladimir Lenin
96%
1985-1991Mikhail Gorbachev
88%
1955-1964Nikita Khrushchev
86%
1964-1982Leonid Brezhnev
68%
1982-1984Yuri Andropov
43%
1984-1985Constantin Chernenko
29%
1953-1955Georgy Malenkov
20%

Score Distribution

Percentile by Number Answered

Percent of People with Each Score

Your Score History

You have not taken this quiz since the last reset